书目信息 |
| 题名: |
采购招标机制与风险管理
|
|
| 作者: | 李志鹏 , 黄河 , 徐鸿雁 著 | |
| 分册: | ||
| 出版信息: | 北京 经济科学出版社 2020.12 |
|
| 页数: | 172页 | |
| 开本: | 23cm | |
| 丛书名: | ||
| 单 册: | ||
| 中图分类: | F284 | |
| 科图分类: | ||
| 主题词: | 采购--cai gou--招标--研究--中国 | |
| 电子资源: | ||
| ISBN: | 978-7-5218-2063-8 | |
| 000 | 01075nam0 2200265 450 | |
| 001 | CAL 0120217109813 | |
| 005 | 20210304135451.3 | |
| 010 | @a978-7-5218-2063-8@dCNY48.00 | |
| 100 | @a20210304d2020 em y0chiy0120 ea | |
| 101 | 0 | @achi |
| 102 | @aCN@b110000 | |
| 105 | @aa a 000yy | |
| 106 | @ar | |
| 200 | 1 | @a采购招标机制与风险管理@Acai gou zhao biao ji zhi yu feng xian guan li@f李志鹏, 黄河, 徐鸿雁著 |
| 210 | @a北京@c经济科学出版社@d2020.12 | |
| 215 | @a172页@c图@d23cm | |
| 320 | @a有书目 (第151-172页) | |
| 330 | @a本书根据采购对象和采购参与者的特征, 重点考察了 (产品) 数量风险、 (服务) 质量风险、供应商道德风险和采购代理腐败风险四类典型的采购风险。在上述典型风险环境下, 将双源采购、不完备合同、再谈判、绩效佣金等常用风险应对策略纳入采购招标分析框架, 深入探讨了多类具有不同风险应对功能的采购招标机制。 | |
| 606 | 0 | @a采购@Acai gou@x招标@x研究@y中国 |
| 690 | @aF284@v5 | |
| 701 | 0 | @a李志鹏@Ali zhi peng@4著 |
| 701 | 0 | @a黄河@Ahuang he@4著 |
| 701 | 0 | @a徐鸿雁@Axu hong yan@4著 |
| 801 | 0 | @aCN@b人天书店@c20210304 |
| 905 | @aTSG@b0000997@dF284@eL334@f2 | |
| 采购招标机制与风险管理/李志鹏, 黄河, 徐鸿雁著.-北京:经济科学出版社,2020.12 |
| 172页:图;23cm |
| ISBN 978-7-5218-2063-8:CNY48.00 |
| 本书根据采购对象和采购参与者的特征, 重点考察了 (产品) 数量风险、 (服务) 质量风险、供应商道德风险和采购代理腐败风险四类典型的采购风险。在上述典型风险环境下, 将双源采购、不完备合同、再谈判、绩效佣金等常用风险应对策略纳入采购招标分析框架, 深入探讨了多类具有不同风险应对功能的采购招标机制。 |
| ● |
| 相关链接 |
|
|
|
正题名:采购招标机制与风险管理
索取号:F284/L334
 
预约/预借
| 序号 | 登录号 | 条形码 | 馆藏地/架位号 | 状态 | 备注 |
| 1 | 1535689 | 215356898 | 社科库409/409社科库 103排1列1层/ [索取号:F284/L334] | 在馆 | |
| 2 | 1535690 | 215356905 | 社科库409/409社科库 103排1列1层/ [索取号:F284/L334] | 在馆 |